| 000 | 01107nam a2200217Ia 4500 | ||
|---|---|---|---|
| 003 | Ost | ||
| 005 | 20260507075137.0 | ||
| 008 | 260507s9999||||xx |||||||||||||| ||und|| | ||
| 020 | _a5495867977 | ||
| 040 | _cfsecg | ||
| 041 | _aara | ||
| 082 | _a330 | ||
| 100 |
_aحسين، حسام الدين _eمؤلف |
||
| 245 | 0 |
_aمبادئ المحاسبة المالية / _c حسام الدين حسين |
|
| 260 |
_aالإسكندرية: _bمكتبة نانسي دمياط, _c2004 |
||
| 300 |
_a302 صفحة؛ _bإيضاحات ؛ _c24 سم |
||
| 520 | _aتقديم المحاسبة المالية- المعادلة المحاسبية وقاعدة القيد المزدوج- العمليات المالية- التسجيل المحاسبي للعمليات المالية- إعدادات الحسابات الختامية والميزانية العمومية- التسويات الجردية الخاصة بنتائج الاعمال- التسوية الجردية الخاصة بالمركز المالي. | ||
| 653 | _aالمحاسبة | ||
| 653 | _aالمحاسبة المالية | ||
| 942 | _cكتاب | ||
| 999 |
_c43273 _d43273 |
||